Τεχνητά νευρωνικά δίκτυα
Αποθηκεύτηκε σε:
| Κύριος συγγραφέας: | |
|---|---|
| Μορφή: | Βιβλίο |
| Γλώσσα: | Greek |
| Δημοσίευση: |
Αθήνα :
Νέες Τεχνολογίες,
c1996
|
| Θέματα: | |
| Ετικέτες: |
Προσθήκη ετικέτας
Δεν υπάρχουν, Καταχωρήστε ετικέτα πρώτοι!
|
MARC
| LEADER | 00000nam a2200000 i 4500 | ||
|---|---|---|---|
| 001 | 1/97780 | ||
| 008 | 951106s1996 gre d | ||
| 020 | |a 960-7235-69-X | ||
| 035 | |1 ΕΛΗ |a 1995 |c ΣΠΥΡΟΥ |l 10056268 | ||
| 040 | |a GR-MY-UA |b gre |e aacr | ||
| 041 | 0 | |a gre | |
| 082 | 0 | |a 006.3 | |
| 100 | 1 | |a Ρίζος, Γιώργος. | |
| 245 | 1 | 0 | |a Τεχνητά νευρωνικά δίκτυα / |c Γ. Ρίζος |
| 260 | |a Αθήνα : |b Νέες Τεχνολογίες, |c c1996 | ||
| 300 | |a 286 σ.; |c 24 cm. | ||
| 650 | 0 | 0 | |a Neural networks (Computer science) |
| 852 | |a INST |b CHIOS |e 19980128 |h 006.3 ΡΙΖ |p 005200010007 |q 005200010007 |t BK |y 0 | ||
| 852 | |a INST |b CHIOS |e 20000111 |h 006.3 ΡΙΖ |p 005200019172 |q 005200019172 |t BK |y 0 | ||
| 852 | |a INST |b SAMOS |e 19951106 |h 006.3 ΡΙΖ |p 005300009819 |q 005300009819 |t BK |y 0 | ||
| 901 | |a BIBL-1998-1 | ||
| 901 | |a BIBL2-2000-1 | ||
| 909 | |a Χ |b 052864 | ||
| 909 | |a Χ |b 071794 | ||
| 909 | |a Σ |b 045418 | ||
| 922 | |a 2ΕΛΗ |b 199712 |c ΣΑΚΕΛΛΑΡΙΔΗΣ |d ΠΑΠΑΣΩΤΗΡΙΟΥ | ||
| 922 | |a 2ΕΛΗ |b 199912 |c ΒΙΒΛΙΟΘΗΚΗ |d ΠΑΠΑΣΩΤΗΡΙΟΥ | ||
| 950 | |a 082-1999-11-29 | ||